Construcción de modelos de insumo-producto en la República Argentina (Registro nro. 16026)
[ vista simple ]
| 000 -LEADER | |
|---|---|
| fixed length control field | 00487 a2200145 4500 |
| 001 - CONTROL NUMBER | |
| control field | ART_2875 |
| 005 - DATE AND TIME OF LATEST TRANSACTION | |
| control field | 20260410161710.0 |
| 008 - FIXED-LENGTH DATA ELEMENTS--GENERAL INFORMATION | |
| fixed length control field | 260409a |
| 100 1# - MAIN ENTRY--PERSONAL NAME | |
| Personal name | Fernández Balmaceda, Osvaldo |
| 245 10 - TITLE STATEMENT | |
| Title | Construcción de modelos de insumo-producto en la República Argentina |
| 700 1# - ADDED ENTRY--PERSONAL NAME | |
| Personal name | Bajraj, Reynaldo F. |
| 700 1# - ADDED ENTRY--PERSONAL NAME | |
| Personal name | Calvo, Guillermo A. |
| 700 1# - ADDED ENTRY--PERSONAL NAME | |
| Personal name | Pierkarz, Julio A. |
| 773 0# - HOST ITEM ENTRY | |
| Title | Desarrollo económico |
| Related parts | - Vol. 5, Nº 17/19 T.2 (abr./dic. 1965) |
| Record control number | REV1174 |
No hay ítems disponibles.